| 000 | 00906nam a2200241 4500 | ||
|---|---|---|---|
| 003 | MX-LbUP | ||
| 005 | 20240923121041.0 | ||
| 008 | 230427b mx |||||||||| 00| ||spa d | ||
| 040 | _cMX-LbUP | ||
| 050 | 1 | 4 |
_aQH308.2 _bK56 2008 |
| 100 | 1 |
_912642 _aStarr, Cecie _eautor |
|
| 240 | 1 | 0 |
_aBiology. _lEspañol |
| 245 | 1 | 0 |
_aBiología : _bla unidad y diversidad de la vida / _cCecie Starr, Ralph Taggart ; traducción, José C. Pecina Hernández... [y otros.] |
| 250 | _a11a. ed. | ||
| 260 |
_aMéxico : _bInternational Thomson, _cc2008 |
||
| 300 |
_axxxi, 916 páginas : _bilustraciones ; _c28 cm. |
||
| 500 | _aIncluye índice. | ||
| 650 | 0 |
_96599 _aBiología |
|
| 700 | 1 |
_912644 _aTaggart, Ralph _ecoautor |
|
| 700 | 1 |
_98720 _aPecina Hernández, José Carmen _etraductor |
|
| 856 |
_3Tabla de contenido _uhttps://www.unpa.edu.mx/bibliotecas/images/portadas/Tablas%20de%20contenido/6740.pdf |
||
| 942 |
_2lcc _cLB |
||
| 999 |
_c6717 _d6717 |
||